| 000 | 01126nam a2200241 i 4500 | ||
|---|---|---|---|
| 001 | 181606 | ||
| 003 | ES-MaACL | ||
| 005 | 20250824085056.0 | ||
| 008 | 130222m19031905sp | |||| ||spa d | ||
| 100 | 1 |
_aSilva y Figueroa, García de, _d1550-1624 _9106411 |
|
| 245 | 1 | 0 |
_aComentarios de D. García de Silva y Figueroa de la embajada que de parte del rey de España Don Felipe III hizo al rey Xa Abas de Persia / _clos publica la Sociedad de Bibliófilos Españoles. |
| 260 |
_aMadrid : _bSociedad de Bibliófilos Españoles, _c1903-1905 ( _fEst. Tip. de la "Revista de Arch. Bibl. y Museos"]) |
||
| 300 |
_a2 v. ; _c24 cm. |
||
| 490 | 1 |
_aSociedad de Bibliófilos Españoles ; _v36 |
|
| 651 | 4 |
_aEspaña- _xRelaciones- _zIrán. _9174090 |
|
| 651 | 4 |
_aIrán- _xRelaciones- _zEspaña. _9174091 |
|
| 651 | 4 |
_aIrán- _xDescripción- _vObras anteriores a 1800. _9152345 |
|
| 651 | 4 |
_aIndia- _xDescripción- _vObras anteriores a 1800. _9152346 |
|
| 710 | 2 |
_aSociedad de Bibliófilos Españoles. _96661 |
|
| 830 | 0 | 0 |
_aSociedad de Bibliófilos Españoles _v36 _9187662 |
| 852 | 4 |
_aES-MaACL _jJ-7(36) |
|
| 999 |
_c181606 _d181606 |
||